Statystyki dla Państwa Europy w 1815 r. (Z mapą)

Kliknij tutaj aby rozwiązać quiz!

Ogólne statystyki

  • Ten quiz został rozwiązany 25 242 razy
  • Średni wynik to 19 z 44

Odpowiedzi na mapie

Odpowiedzi skodowane kolorowo w zielono-czerwonej skali na mapie do tego quizu, zgodnie z poniższymi procentami.
Ładowanie ...
 

Statystyki odpowiedzi

Odpowiedź% Poprawnych
Imperium Rosyjskie
99%
Francja
96%
Imperium hiszpańskie
96%
Norwegia
95%
Portugalia
95%
Szwecja
95%
Wielka Brytania i Irlandia
95%
Dania
90%
Cesarstwo Austrii
81%
Imperium Osmańskie
79%
Niderlandy
79%
Prusy
79%
Konfederacja Szwajcarska
72%
Państwo Kościelne
70%
Luksemburg
62%
Królestwo Obojga Sycylii
61%
Bawaria
56%
Sardynia
51%
Saksonia
40%
Saksonii-Weimaru-
Eisenach
40%
Kraków
39%
Liechtenstein
35%
Republika San Marino
34%
Monako
31%
Hamburg
30%
Andora
28%
Czarnogóra
27%
Hanower
18%
Toskania
18%
Brema
17%
Frankfurt
15%
Mecklenburg
14%
Baden
12%
Elektorat Hesji
10%
Hesja
10%
Wirtembergia
9%
Lukka
6%
Oldenburg
6%
Parma
6%
Księstwo Anhalt
5%
Modena
5%
Brunszwik
4%
Nassau
3%
Hohenzollern
2%

Rozkład punktacji

Percentyl według liczby udzielonych odpowiedzi

Procent ludzi z każdym wynikiem

Twoja historia wyników

Nie rozwiązałeś tego quizu